[Event "CAN-ch O1800"]
[Site "Toronto CAN"]
[Date "2025.04.18"]
[Round "2.9"]
[White "Cheung, Oscar"]
[Black "Lin, Austin"]
[Result "0-1"]
[WhiteElo "1792"]
[BlackElo "1990"]
[WhiteFideId "-1"]
[WhiteFideId "-1"]
[PlyCount "74"]
[GameId "2176654634988484"]
[EventDate "2025.04.18"]
[EventType "swiss"]
[EventRounds "9"]
[EventCountry "CAN"]

1. e4 c5 2. Nf3 e6 3. Nc3 Nc6 4. Bb5 Nd4 5. Nxd4 cxd4 6. Ne2 Qg5 7. Bc4 Qxg2 8. Ng3 Qh3 9. a3 Qh4 10. d3 Qd8 11. Bf4 d6 12. Qf3 Nf6 13. e5 dxe5 14. Bxe5 Qa5+ 15. Kd1 Qxe5 16. Re1 Qc7 17. Nf5 Bd7 18. Nxd4 Bc6 19. Qh3 Be7 20. Rg1 Rd8 21. Ne2 Ne4 22. Ke1 Ng5 23. Rxg5 Bxg5 24. Qg4 Bf6 25. Rb1 Qxh2 26. Kd2 Qh6+ 27. f4 O-O 28. c3 b5 29. Bxe6 fxe6 30. Qxe6+ Kh8 31. Qxc6 Bg5 32. Qxb5 Bxf4+ 33. Kc2 Qh2 34. d4 Rde8 35. Kd1 Qh1+ 36. Kc2 Qe4+ 37. Qd3 Qxe2+ 0-1

[Event "CAN-ch O1800"]
[Site "Toronto CAN"]
[Date "2025.04.18"]
[Round "2.10"]
[White "Lee, Daniel Joshua"]
[Black "Katz, Lyam"]
[Result "1-0"]
[WhiteElo "1989"]
[BlackElo "1850"]
[WhiteFideId "-1"]
[WhiteFideId "-1"]
[PlyCount "95"]
[GameId "2176654634836899"]
[EventDate "2025.04.18"]
[EventType "swiss"]
[EventRounds "9"]
[EventCountry "CAN"]

1. e4 e5 2. Nf3 Nc6 3. Bc4 Nf6 4. d3 Bc5 5. c3 d6 6. O-O a6 7. a4 Ba7 8. b4 Bd7 9. Nbd2 b5 10. Bb3 h6 11. Re1 Ng4 12. Re2 g5 13. Nf1 Qf6 14. h3 Nxf2 15. Rxf2 Bxf2+ 16. Kxf2 O-O 17. Ne3 Ne7 18. a5 c6 19. Kg1 Be6 20. Ra2 Ng6 21. Rf2 Nf4 22. Ng4 Qg7 23. Bxf4 exf4 24. Bxe6 fxe6 25. Nd4 Rae8 26. Qb3 d5 27. Nxc6 h5 28. Nge5 dxe4 29. dxe4 g4 30. Qd1 f3 31. gxf3 g3 32. Rd2 Qg5 33. Qe2 Rf4 34. Kg2 Rh4 35. Rd7 Rf8 36. Ne7+ Kh7 37. N7g6+ Kg8 38. Nxh4 Qxe5 39. Ng6 Qxc3 40. Nxf8 Kxf8 41. Qd2 Qf6 42. Qd6+ Ke8 43. Qd2 h4 44. Ra7 Kf8 45. Qd6+ Ke8 46. Qd7+ Kf8 47. Qc8+ Qd8 48. Qxd8# 1-0

[Event "CAN-ch O1800"]
[Site "Toronto CAN"]
[Date "2025.04.18"]
[Round "2.11"]
[White "Li, Aiden"]
[Black "Pollitt, Henry"]
[Result "0-1"]
[WhiteElo "1743"]
[BlackElo "1985"]
[WhiteFideId "-1"]
[WhiteFideId "-1"]
[PlyCount "106"]
[GameId "2176654634857380"]
[EventDate "2025.04.18"]
[EventType "swiss"]
[EventRounds "9"]
[EventCountry "CAN"]

1. c4 Nf6 2. Nc3 e6 3. Nf3 d5 4. d4 c6 5. Bg5 Nbd7 6. e3 Qa5 7. a3 Ne4 8. Qc1 Nxg5 9. Nxg5 dxc4 10. Nge4 b5 11. Be2 Be7 12. O-O O-O 13. Bf3 Bb7 14. Rd1 a6 15. Nd2 Qc7 16. Qc2 c5 17. Bxb7 Qxb7 18. Nde4 cxd4 19. Rxd4 Nf6 20. Rad1 Rfd8 21. f3 Rac8 22. Kf2 Qc7 23. g3 Rxd4 24. Rxd4 Nxe4+ 25. Nxe4 Bc5 26. Nxc5 Qxc5 27. Qd2 g6 28. Rd6 c3 29. Qxc3 Qxc3 30. bxc3 a5 31. Rd3 Rc4 32. Rd8+ Kg7 33. Rb8 Rxc3 34. Rxb5 Rxa3 35. h4 Ra2+ 36. Ke1 a4 37. Ra5 Kf6 38. g4 h6 39. h5 gxh5 40. Rxh5 Kg6 41. Ra5 f5 42. gxf5+ exf5 43. Ra6+ Kg5 44. Ra5 Ra3 45. Ke2 Ra2+ 46. Ke1 h5 47. e4 h4 48. Rxf5+ Kg6 49. Kf1 h3 50. Kg1 Rg2+ 51. Kf1 a3 52. Ra5 a2 53. f4 Rb2 0-1

[Event "CAN-ch O1800"]
[Site "Toronto CAN"]
[Date "2025.04.18"]
[Round "2.12"]
[White "Lakhani, Riyaan"]
[Black "Cholakis, Max"]
[Result "1-0"]
[WhiteElo "1976"]
[BlackElo "1829"]
[WhiteFideId "-1"]
[WhiteFideId "-1"]
[PlyCount "71"]
[GameId "2176654634869669"]
[EventDate "2025.04.18"]
[EventType "swiss"]
[EventRounds "9"]
[EventCountry "CAN"]

1. d4 Nf6 2. c4 e6 3. g3 d5 4. Nf3 Bb4+ 5. Bd2 c5 6. cxd5 exd5 7. a3 Qa5 8. Nc3 Bxc3 9. Bxc3 Qc7 10. dxc5 Qd8 11. Bg2 O-O 12. O-O Be6 13. b4 Ne4 14. Bb2 a5 15. Nd4 Nf6 16. Qb3 Na6 17. Rfc1 Rc8 18. Rc2 Nd7 19. e4 Nc7 20. exd5 Nxd5 21. Bxd5 Nxc5 22. Rxc5 Rxc5 23. Nxe6 Qxd5 24. Nxc5 Qc6 25. Qc3 f6 26. Qc4+ Kh8 27. Qe4 Qb5 28. Qxb7 Qe2 29. Bc3 Rd8 30. Kg2 h5 31. Qf3 h4 32. Qxe2 axb4 33. Qe7 h3+ 34. Kxh3 Rg8 35. Bxf6 bxa3 36. Bc3 1-0

[Event "CAN-ch O1800"]
[Site "Toronto CAN"]
[Date "2025.04.18"]
[Round "2.13"]
[White "Han, Ruochong"]
[Black "Li, Hongyi"]
[Result "0-1"]
[WhiteElo "1702"]
[BlackElo "1973"]
[WhiteFideId "-1"]
[WhiteFideId "-1"]
[PlyCount "32"]
[GameId "2176654634877862"]
[EventDate "2025.04.18"]
[EventType "swiss"]
[EventRounds "9"]
[EventCountry "CAN"]

1. d4 e6 2. Bf4 b6 3. Nf3 Bb7 4. e3 a5 5. Nbd2 f5 6. c3 Nf6 7. h3 Be7 8. Bd3 O-O 9. Qc2 d6 10. O-O Qe8 11. Bh2 Qg6 12. Qb3 Ne4 13. Nxe4 fxe4 14. Bc4 exf3 15. Bxe6+ Kh8 16. g3 a4 0-1

[Event "CAN-ch O1800"]
[Site "Toronto CAN"]
[Date "2025.04.18"]
[Round "2.14"]
[White "Russell, Wesley"]
[Black "Lau, Jayden"]
[Result "1/2-1/2"]
[WhiteElo "1973"]
[BlackElo "1790"]
[WhiteFideId "-1"]
[WhiteFideId "-1"]
[PlyCount "64"]
[GameId "2176654634881959"]
[EventDate "2025.04.18"]
[EventType "swiss"]
[EventRounds "9"]
[EventCountry "CAN"]

1. e4 c5 2. Nf3 Nc6 3. c3 e5 4. Bc4 Nf6 5. d3 Be7 6. O-O O-O 7. Re1 Qc7 8. Bb3 Rd8 9. d4 cxd4 10. cxd4 d6 11. h3 Na5 12. Nc3 Nxb3 13. Qxb3 exd4 14. Nxd4 Bd7 15. Bg5 Qa5 16. Be3 a6 17. Rac1 Rdc8 18. Red1 Bc6 19. Nf5 Bf8 20. f3 Ne8 21. Bf4 Bd7 22. Nd4 Nc7 23. Be3 Ne6 24. Nxe6 Bxe6 25. Qb6 Qxb6 26. Bxb6 Rc6 27. Be3 Rac8 28. Rd2 Be7 29. Rcd1 Kf8 30. Bf4 Rb6 31. Kf2 Ke8 32. Ke3 Bf6 1/2-1/2

[Event "CAN-ch O1800"]
[Site "Toronto CAN"]
[Date "2025.04.18"]
[Round "2.15"]
[White "Wu, Nolan"]
[Black "Sekaran, Adithya"]
[Result "1/2-1/2"]
[WhiteElo "2097"]
[BlackElo "1720"]
[WhiteFideId "-1"]
[WhiteFideId "-1"]
[PlyCount "71"]
[GameId "2176654634886056"]
[EventDate "2025.04.18"]
[EventType "swiss"]
[EventRounds "9"]
[EventCountry "CAN"]

1. e4 c6 2. d4 d5 3. e5 Bf5 4. Nd2 e6 5. Nb3 c5 6. dxc5 Nd7 7. Nf3 Qc7 8. Nbd4 Bg6 9. Bb5 Bxc5 10. c3 Ne7 11. Bxd7+ Qxd7 12. O-O O-O 13. Nb3 Bb6 14. Nfd4 Nf5 15. a4 Nxd4 16. cxd4 Rac8 17. Qg4 Bc2 18. Nd2 Bxa4 19. Nf3 Bc2 20. h4 Bf5 21. Qg3 Kh8 22. h5 h6 23. Be3 Qb5 24. Qf4 Qd3 25. g4 Be4 26. g5 Bxf3 27. Qxf3 hxg5 28. Rfd1 Qe4 29. Qxe4 dxe4 30. Bxg5 Rc2 31. b4 Rb2 32. Be7 Rc8 33. Bc5 Rd8 34. Bd6 Rc8 35. Bc5 Rd8 36. Bd6 1/2-1/2

[Event "CAN-ch O1800"]
[Site "Toronto CAN"]
[Date "2025.04.18"]
[Round "2.16"]
[White "Lee, Matthew"]
[Black "Starr, Sasha"]
[Result "1/2-1/2"]
[WhiteElo "1862"]
[BlackElo "2071"]
[WhiteFideId "-1"]
[WhiteFideId "-1"]
[PlyCount "57"]
[GameId "2176654634894249"]
[EventDate "2025.04.18"]
[EventType "swiss"]
[EventRounds "9"]
[EventCountry "CAN"]

1. d4 Nf6 2. Bg5 c5 3. d5 Qb6 4. Nc3 h6 5. Bxf6 Qxf6 6. Nf3 g5 7. h3 Bg7 8. e4 d6 9. Bd3 O-O 10. Qe2 Nd7 11. Nh2 Ne5 12. Ng4 Bxg4 13. hxg4 Qf4 14. f3 c4 15. Bxc4 Nxc4 16. Qxc4 Rac8 17. Qd3 Qg3+ 18. Kf1 Rxc3 19. bxc3 Rc8 20. Rb1 Rxc3 21. Qd2 Rxf3+ 22. gxf3 Qxf3+ 23. Kg1 Bd4+ 24. Qxd4 Qg3+ 25. Kf1 Qf3+ 26. Qf2 Qxh1+ 27. Qg1 Qf3+ 28. Qf2 Qh1+ 29. Qg1 1/2-1/2

[Event "CAN-ch O1800"]
[Site "Toronto CAN"]
[Date "2025.04.18"]
[Round "2.17"]
[White "Byl, Oliver"]
[Black "Hong, Zihan"]
[Result "0-1"]
[WhiteElo "1881"]
[BlackElo "1999"]
[WhiteFideId "-1"]
[WhiteFideId "-1"]
[PlyCount "76"]
[GameId "2176654634902442"]
[EventDate "2025.04.18"]
[EventType "swiss"]
[EventRounds "9"]
[EventCountry "CAN"]

1. Nf3 c5 2. g3 Nc6 3. Bg2 g6 4. c4 Bg7 5. Nc3 d6 6. O-O e5 7. d3 Nge7 8. Bg5 f6 9. Be3 O-O 10. a3 Be6 11. Ne1 a5 12. Rb1 b6 13. Nc2 d5 14. cxd5 Nxd5 15. Nxd5 Bxd5 16. b4 Bxg2 17. Kxg2 Qd5+ 18. f3 axb4 19. axb4 Nd4 20. bxc5 bxc5 21. Rb2 f5 22. Qd2 e4 23. Nxd4 Bxd4 24. Bxd4 cxd4 25. Rfb1 exf3+ 26. exf3 Rfe8 27. Qf4 Ra2 28. Kh3 Rxb2 29. Rxb2 Re7 30. Rb4 Rd7 31. Rc4 Kg7 32. Rc8 Rb7 33. Qh4 Rd7 34. Re8 Qxf3 35. Re7+ Rxe7 36. Qxe7+ Kh6 37. Qa3 Qf1+ 38. Kh4 g5# 0-1

[Event "CAN-ch O1800"]
[Site "Toronto CAN"]
[Date "2025.04.18"]
[Round "2.18"]
[White "Wen, Justin"]
[Black "Li, Triston Bai"]
[Result "0-1"]
[WhiteElo "1856"]
[BlackElo "1937"]
[WhiteFideId "-1"]
[WhiteFideId "-1"]
[PlyCount "82"]
[GameId "2176654634906539"]
[EventDate "2025.04.18"]
[EventType "swiss"]
[EventRounds "9"]
[EventCountry "CAN"]

1. d4 Nf6 2. Nc3 e6 3. Bf4 Bb4 4. Qd3 b6 5. Qg3 Nh5 6. Qf3 Nxf4 7. Qxa8 Nc6 8. e3 Nd5 9. Nge2 O-O 10. a3 b5 11. axb4 Nb6 12. Qxc6 dxc6 13. Ne4 e5 14. Rxa7 Re8 15. dxe5 Rxe5 16. N2c3 f5 17. Nc5 f4 18. Nd3 fxe3 19. fxe3 Rxe3+ 20. Be2 Bf5 21. O-O Nc4 22. Rxf5 Qd4 23. Ra8+ Re8+ 24. Kh1 Rxa8 25. h3 Nxb2 26. Nxb5 cxb5 27. Bf3 Rd8 28. Nf4 Qd7 29. Bd5+ Kh8 30. Rh5 g6 31. Nxg6+ Kg7 32. Nf4 Re8 33. Rg5+ Kf6 34. h4 Re5 35. Nh5+ Ke7 36. Rg7+ Kd6 37. Rxd7+ Kxd7 38. Nf6+ Ke7 39. Ng8+ Kf8 40. Bb3 Kg7 41. Kh2 Nc4 0-1

[Event "CAN-ch O1800"]
[Site "Toronto CAN"]
[Date "2025.04.18"]
[Round "2.20"]
[White "Fu, Odyssey"]
[Black "Mullur, Neerav"]
[Result "1-0"]
[WhiteElo "1727"]
[BlackElo "1894"]
[WhiteFideId "-1"]
[WhiteFideId "-1"]
[PlyCount "75"]
[GameId "2176654634918830"]
[EventDate "2025.04.18"]
[EventType "swiss"]
[EventRounds "9"]
[EventCountry "CAN"]

1. e4 e5 2. Nf3 Nc6 3. d4 exd4 4. Nxd4 Qf6 5. Nf3 Bc5 6. Nc3 Nge7 7. Bg5 Qg6 8. Qd2 d6 9. O-O-O f6 10. Be3 Bb4 11. Nd4 Bd7 12. f3 d5 13. Nxc6 Bxc6 14. exd5 Nxd5 15. Bd3 Qf7 16. Rhe1 O-O-O 17. Bf5+ Bd7 18. Qxd5 Qxd5 19. Rxd5 Rhe8 20. Rxd7 Rxd7 21. Rd1 Bd6 22. Ne4 Re5 23. Bxd7+ Kxd7 24. Bf4 Ra5 25. a3 Ke6 26. Nxd6 cxd6 27. Rxd6+ Kf5 28. Bg3 h5 29. Kd2 g5 30. Rd7 h4 31. Bf2 Kf4 32. Be3+ Kf5 33. Rxb7 Rd5+ 34. Ke2 g4 35. fxg4+ Kxg4 36. Rb8 Kh5 37. Rc8 a5 38. Rc5 1-0

[Event "CAN-ch O1800"]
[Site "Toronto CAN"]
[Date "2025.04.18"]
[Round "2.21"]
[White "Mane, Arnav"]
[Black "Bluvshtein, Ilia"]
[Result "0-1"]
[WhiteElo "1722"]
[BlackElo "2086"]
[WhiteFideId "-1"]
[WhiteFideId "-1"]
[PlyCount "212"]
[GameId "2176654634927023"]
[EventDate "2025.04.18"]
[EventType "swiss"]
[EventRounds "9"]
[EventCountry "CAN"]

1. e4 e5 2. Nc3 Nf6 3. f4 d5 4. fxe5 Nxe4 5. Qf3 Nc6 6. Bb5 Nxc3 7. dxc3 Qh4+ 8. g3 Qe4+ 9. Qxe4 dxe4 10. Ne2 Bd7 11. Bxc6 Bxc6 12. Be3 Be7 13. O-O-O O-O 14. Nd4 Bd7 15. Rhf1 Bg4 16. Rde1 f5 17. exf6 Rxf6 18. Rxf6 Bxf6 19. Bf4 c6 20. Rxe4 h5 21. h4 Rd8 22. Bd2 Kf7 23. b4 Rd5 24. Kb2 Kg6 25. Bf4 c5 26. Nb3 cxb4 27. Rxb4 b6 28. Rc4 a5 29. a4 Bd7 30. Nd4 Rc5 31. Rxc5 bxc5 32. Nb5 Kf5 33. Nd6+ Ke6 34. Nb7 Kd5 35. Kb3 c4+ 36. Kb2 Bxa4 37. Nxa5 Be7 38. Bc7 Bb5 39. Ka2 g6 40. Kb2 Ba6 41. Ka2 Kc5 42. Kb2 Kb5 43. Kc1 Bc5 44. Nb3 cxb3 45. cxb3 Be3+ 46. Kc2 Kc5 47. c4 Bc8 48. Kb2 Bd7 49. Bb8 Bd2 50. Ba7+ Kb4 51. Bd4 Be1 52. Be5 Kc5 53. Ka3 Bf5 54. Kb2 Bf2 55. Kc3 Be1+ 56. Kb2 Bd3 57. Ka3 Be2 58. Ka2 Bf2 59. Ka3 Bd4 60. Bb8 Bc3 61. Ba7+ Kd6 62. Be3 Ke5 63. c5 Kd5 64. Ka4 Be1 65. b4 Bxg3 66. Bg5 Be1 67. Be7 Kc6 68. Ka5 Bd3 69. Bd8 Kd5 70. Be7 Bf5 71. Ka4 Bc2+ 72. Ka5 Kc6 73. Bd8 Be4 74. Be7 Kd5 75. Kb5 Bd3+ 76. Ka4 Bf2 77. Ka5 Be1 78. Ka4 Kc6 79. Ka5 Bd2 80. Bd8 Kd5 81. Be7 Kc4 82. c6 Be3 83. c7 Bf5 84. b5 Bc8 85. Bd8 Kd5 86. Kb4 Kd6 87. Kc4 Bb6 88. Bg5 Bxc7 89. Bf4+ Kd7 90. Bg5 Bd8 91. Bxd8 Kxd8 92. Kd5 Kc7 93. Ke5 Kb6 94. Kf6 Bf5 95. Kg5 Kxb5 96. Kf4 Kc5 97. Kg3 Kd5 98. Kf4 Kd6 99. Kf3 Ke5 100. Kg3 Ke4 101. Kg2 Kf4 102. Kh2 Kg4 103. Kg2 Kxh4 104. Kh2 g5 105. Kg2 Be4+ 106. Kh2 g4 0-1

[Event "CAN-ch O1800"]
[Site "Toronto CAN"]
[Date "2025.04.18"]
[Round "2.22"]
[White "Fillmore, Louis"]
[Black "Li, Allen"]
[Result "1-0"]
[WhiteElo "1997"]
[BlackElo "1830"]
[WhiteFideId "-1"]
[WhiteFideId "-1"]
[PlyCount "121"]
[GameId "2176654634931120"]
[EventDate "2025.04.18"]
[EventType "swiss"]
[EventRounds "9"]
[EventCountry "CAN"]

1. e4 c6 2. d4 d5 3. f3 e6 4. Nc3 Bb4 5. a3 Bxc3+ 6. bxc3 Nd7 7. Bd3 Ne7 8. Be3 O-O 9. Ne2 e5 10. O-O f5 11. Qd2 dxe4 12. fxe4 f4 13. Bf2 Ng6 14. dxe5 f3 15. Nd4 fxg2 16. Kxg2 Ndxe5 17. Bg3 Rxf1 18. Rxf1 c5 19. Nf3 Nxd3 20. cxd3 Be6 21. Ng5 Bc4 22. Rf3 h6 23. Nh3 Be6 24. Qf2 Bg4 25. Re3 Qd7 26. Nf4 Nxf4+ 27. Bxf4 Rf8 28. Qg3 Qe6 29. c4 Rf6 30. Kh1 g5 31. Be5 Rf1+ 32. Kg2 Qf7 33. Bc3 Rf4 34. Be5 Rf1 35. Bd6 h5 36. Bxc5 Rd1 37. Qb8+ Kg7 38. Bd4+ Kg6 39. Qd6+ Kh7 40. Qf6 Qxf6 41. Bxf6 Kg6 42. Bc3 h4 43. h3 Bh5 44. e5 Kf7 45. e6+ Ke7 46. Bb4+ Ke8 47. e7 Bf7 48. Kf3 Rg1 49. Kf2 Rh1 50. Kg2 Rd1 51. Bd6 Kd7 52. c5 b6 53. Kf3 Bh5+ 54. Ke4 Bg6+ 55. Kd4 Rf1 56. Kc4 Rf5 57. d4 bxc5 58. dxc5 a6 59. Kb4 Be8 60. Ka5 Kc6 61. Rb3 1-0

[Event "CAN-ch O1800"]
[Site "Toronto CAN"]
[Date "2025.04.18"]
[Round "2.23"]
[White "Yin, Zeming"]
[Black "Kong, Brian"]
[Result "1/2-1/2"]
[WhiteElo "1993"]
[BlackElo "1794"]
[WhiteFideId "-1"]
[WhiteFideId "-1"]
[PlyCount "48"]
[GameId "2176654634939313"]
[EventDate "2025.04.18"]
[EventType "swiss"]
[EventRounds "9"]
[EventCountry "CAN"]

1. e4 e5 2. Nf3 Nc6 3. Bb5 Nge7 4. Nc3 Ng6 5. h4 h5 6. d3 d6 7. Be3 Be7 8. Qd2 Bg4 9. Ng5 f6 10. Nf3 Bxf3 11. gxf3 f5 12. f4 Nxh4 13. O-O-O Rf8 14. Nd5 Ng2 15. Rxh5 exf4 16. Bd4 a6 17. Bxc6+ bxc6 18. Nxe7 Qxe7 19. Qc3 Kd7 20. Rh7 Rf7 21. exf5 Rg8 22. Qb3 d5 23. Rh5 f3 24. f6 gxf6 1/2-1/2

[Event "CAN-ch O1800"]
[Site "Toronto CAN"]
[Date "2025.04.18"]
[Round "2.24"]
[White "Syed, Farhaan"]
[Black "Zheng, Yanchen"]
[Result "1-0"]
[WhiteElo "1789"]
[BlackElo "1988"]
[WhiteFideId "-1"]
[WhiteFideId "-1"]
[PlyCount "114"]
[GameId "2176654634943410"]
[EventDate "2025.04.18"]
[EventType "swiss"]
[EventRounds "9"]
[EventCountry "CAN"]

1. d4 Nf6 2. Nc3 d5 3. Bf4 e6 4. e3 Bd6 5. Nf3 Bxf4 6. exf4 O-O 7. Bd3 c5 8. Qd2 cxd4 9. Nxd4 Nc6 10. Nf3 a6 11. h3 b5 12. a3 Bb7 13. Ne5 Nd7 14. Nxd7 Qxd7 15. Rg1 Rad8 16. g4 e5 17. O-O-O b4 18. axb4 Nxb4 19. b3 Nxd3+ 20. Qxd3 exf4 21. Qd4 Qd6 22. Ne2 Rde8 23. Rge1 Re4 24. Qd3 Rfe8 25. Rd2 a5 26. Red1 Ba6 27. c4 Qa3+ 28. Kb1 dxc4 29. Qxe4 Rxe4 30. Rd8+ Qf8 31. Rxf8+ Kxf8 32. Nc3 Re6 33. bxc4 Rc6 34. Rd7 Ke8 35. Ra7 Bxc4 36. Rxa5 Rh6 37. Ra8+ Ke7 38. Ra7+ Ke6 39. Ra4 Bd3+ 40. Kc1 f3 41. Ne4 Bxe4 42. Rxe4+ Kd5 43. Rf4 Rxh3 44. Rxf7 g6 45. Kd2 Ke4 46. Rb7 h5 47. Rb4+ Ke5 48. Ke3 h4 49. Rb6 g5 50. Rg6 Rh1 51. Rxg5+ Kf6 52. Rf5+ Kg6 53. Kxf3 Ra1 54. Kg2 Ra8 55. Rh5 Ra4 56. Rxh4 Kg5 57. Kg3 Rf4 1-0

[Event "CAN-ch O1800"]
[Site "Toronto CAN"]
[Date "2025.04.18"]
[Round "2.25"]
[White "Lukinykh, Slava"]
[Black "Li, Justin"]
[Result "1-0"]
[WhiteElo "1987"]
[BlackElo "1793"]
[WhiteFideId "-1"]
[WhiteFideId "-1"]
[PlyCount "49"]
[GameId "2176654634947507"]
[EventDate "2025.04.18"]
[EventType "swiss"]
[EventRounds "9"]
[EventCountry "CAN"]

1. e4 c6 2. d4 d5 3. exd5 cxd5 4. Bd3 Nc6 5. Nf3 Bg4 6. c3 e6 7. O-O Nf6 8. Nbd2 Bd6 9. Re1 O-O 10. Nf1 Bh5 11. Bg5 Bg6 12. Ne3 Be7 13. Bxf6 Bxf6 14. Ng4 Bxd3 15. Qxd3 Rb8 16. Nge5 Qc7 17. Re3 b5 18. Ng4 Qe7 19. Nfe5 Rfc8 20. Rg3 Bxe5 21. dxe5 Kh8 22. Rh3 g6 23. Rxh7+ Kxh7 24. Qh3+ Kg8 25. Nf6+ 1-0

[Event "CAN-ch O1800"]
[Site "Toronto CAN"]
[Date "2025.04.18"]
[Round "2.26"]
[White "Valavan, Aaryan"]
[Black "Wu, Ting En Ryan"]
[Result "1/2-1/2"]
[WhiteElo "1767"]
[BlackElo "1968"]
[WhiteFideId "-1"]
[WhiteFideId "-1"]
[PlyCount "85"]
[GameId "2176654634951604"]
[EventDate "2025.04.18"]
[EventType "swiss"]
[EventRounds "9"]
[EventCountry "CAN"]

1. e4 c5 2. Nf3 Nc6 3. d4 cxd4 4. Nxd4 g6 5. Be3 Nf6 6. Nc3 Bg7 7. Be2 O-O 8. O-O d5 9. exd5 Nxd5 10. Nxd5 Qxd5 11. Bf3 Qc4 12. Nxc6 bxc6 13. c3 Rb8 14. Qc1 Bf5 15. Rd1 a5 16. b3 Qxc3 17. Qxc3 Bxc3 18. Rac1 Bb4 19. Rxc6 Rfd8 20. Rcc1 Rbc8 21. Rxd8+ Rxd8 22. g4 Be6 23. Kg2 Kg7 24. Rc2 Bd5 25. h3 Kf6 26. Bc5 Bxf3+ 27. Kxf3 Rd3+ 28. Kg2 e5 29. Rc4 Rc3 30. Rxc3 Bxc3 31. Kf3 Bb4 32. Bb6 Ke6 33. Ke3 f5 34. f3 Kd5 35. Bd8 h5 36. gxf5 gxf5 37. Kd3 e4+ 38. fxe4+ fxe4+ 39. Ke3 Ke5 40. Bc7+ Kd5 41. Bd8 Bc5+ 42. Ke2 Bb4 43. Ke3 1/2-1/2

[Event "CAN-ch O1800"]
[Site "Toronto CAN"]
[Date "2025.04.18"]
[Round "2.27"]
[White "Deshpande, Sarthak"]
[Black "Aravinthan, Adhvik"]
[Result "1-0"]
[WhiteElo "1951"]
[BlackElo "1775"]
[WhiteFideId "-1"]
[WhiteFideId "-1"]
[PlyCount "57"]
[GameId "2176654634955701"]
[EventDate "2025.04.18"]
[EventType "swiss"]
[EventRounds "9"]
[EventCountry "CAN"]

1. d4 d5 2. c4 e6 3. Nf3 Nf6 4. g3 Bb4+ 5. Bd2 Bxd2+ 6. Nbxd2 Nc6 7. Bg2 Bd7 8. O-O O-O 9. a3 a5 10. Qc2 Re8 11. e4 dxe4 12. Nxe4 Nxe4 13. Qxe4 f5 14. Qc2 g5 15. Rad1 h6 16. d5 exd5 17. Rxd5 Ne7 18. Rd2 Qc8 19. Ne5 Be6 20. Qd1 Kg7 21. Re1 Ng6 22. Qc2 Kh7 23. Nxg6 Kxg6 24. g4 Rb8 25. Rde2 Bd7 26. Rxe8 Bxe8 27. gxf5+ Kf7 28. Bd5+ Kf8 29. Qc3 1-0

[Event "CAN-ch O1800"]
[Site "Toronto CAN"]
[Date "2025.04.18"]
[Round "2.28"]
[White "Park, Haneul"]
[Black "Zhao, Shannon"]
[Result "1-0"]
[WhiteElo "1923"]
[BlackElo "1753"]
[WhiteFideId "-1"]
[WhiteFideId "-1"]
[PlyCount "75"]
[GameId "2176654634955702"]
[EventDate "2025.04.18"]
[EventType "swiss"]
[EventRounds "9"]
[EventCountry "CAN"]

1. d4 d5 2. c4 e6 3. Nc3 Nf6 4. Nf3 Be7 5. Bf4 a6 6. c5 O-O 7. e3 Nc6 8. a3 Bd7 9. Bd3 Nh5 10. Bg3 Nxg3 11. hxg3 h6 12. b4 Bf6 13. Bc2 Bg5 14. Ne2 Re8 15. Ne5 Ne7 16. f4 Bf6 17. g4 Bxe5 18. dxe5 Ng6 19. Nd4 c6 20. g5 Kh7 21. Qh5 Rh8 22. Nf3 Be8 23. gxh6 Kg8 24. h7+ Kf8 25. Ng5 Qe7 26. Qg4 Bd7 27. Nxf7 Qxf7 28. Bxg6 Qe7 29. Ke2 Be8 30. f5 Bxg6 31. Qxg6 Qf7 32. Raf1 Qxg6 33. fxg6+ Ke8 34. Rf7 a5 35. Rxg7 axb4 36. Rg8+ Rxg8 37. hxg8=Q+ Kd7 38. Rh7# 1-0

[Event "CAN-ch O1800"]
[Site "Toronto CAN"]
[Date "2025.04.18"]
[Round "2.29"]
[White "Dembla, Shabd"]
[Black "Lin, Ryder"]
[Result "1-0"]
[WhiteElo "1909"]
[BlackElo "1744"]
[WhiteFideId "-1"]
[WhiteFideId "-1"]
[PlyCount "71"]
[GameId "2176654634959799"]
[EventDate "2025.04.18"]
[EventType "swiss"]
[EventRounds "9"]
[EventCountry "CAN"]

1. d4 d5 2. Nf3 e6 3. Bf4 Nf6 4. e3 c5 5. Nbd2 Nc6 6. c3 cxd4 7. exd4 Nh5 8. Bg3 Bd6 9. Bb5 Nxg3 10. hxg3 Qb6 11. Qb3 Bd7 12. O-O O-O 13. Bd3 Qc7 14. Rae1 Rae8 15. Kh2 Ne7 16. Rh1 Ng6 17. Kg1 Bc6 18. Ng5 h6 19. Qc2 hxg5 20. Nf3 f5 21. Nxg5 Rf6 22. Nh7 Rf7 23. Qd1 Nf8 24. Nxf8 Kxf8 25. g4 g6 26. gxf5 gxf5 27. Qh5 Rg7 28. Bxf5 exf5 29. Qh8+ Rg8 30. Qf6+ Qf7 31. Qxd6+ Re7 32. Rh6 Qg7 33. Rf6+ Ke8 34. Rxe7+ Qxe7 35. Re6 Qxe6 36. Qxe6+ 1-0

[Event "CAN-ch O1800"]
[Site "Toronto CAN"]
[Date "2025.04.18"]
[Round "2.30"]
[White "Huang, Eric"]
[Black "Moran-Venegas, Mario"]
[Result "1-0"]
[WhiteElo "1893"]
[BlackElo "1729"]
[WhiteFideId "-1"]
[WhiteFideId "-1"]
[PlyCount "119"]
[GameId "2176654634963897"]
[EventDate "2025.04.18"]
[EventType "swiss"]
[EventRounds "9"]
[EventCountry "CAN"]

1. d4 Nf6 2. c4 e6 3. Nf3 b6 4. g3 Bb7 5. Bg2 Bb4+ 6. Bd2 Bxd2+ 7. Qxd2 O-O 8. O-O d6 9. Nc3 Nbd7 10. Rfe1 d5 11. Ne5 Rb8 12. Rad1 dxc4 13. Bxb7 Rxb7 14. Nxc4 b5 15. Na5 Rb6 16. d5 a6 17. e4 exd5 18. e5 Ng4 19. Qxd5 b4 20. Nc6 Qe8 21. Na4 Ngxe5 22. Nxb6 Nxb6 23. Rxe5 Nxd5 24. Rxe8 Rxe8 25. Rxd5 Re1+ 26. Kg2 g6 27. Nxb4 Re7 28. b3 Kg7 29. Kf3 Re6 30. Ra5 Rf6+ 31. Kg2 Rb6 32. Nxa6 Rc6 33. Nb4 Rc1 34. Nd3 Rd1 35. Nb2 Rb1 36. Nc4 h5 37. Rc5 Ra1 38. a4 Rb1 39. Na5 Kf6 40. Rxc7 g5 41. Rb7 h4 42. Nc4 Ke6 43. a5 f5 44. gxh4 g4 45. h3 gxh3+ 46. Kxh3 Rh1+ 47. Kg3 Rg1+ 48. Kf3 Ra1 49. Rb4 Rh1 50. a6 Ra1 51. Ra4 Rb1 52. a7 Rxb3+ 53. Kf4 Rh3 54. a8=Q Rxh4+ 55. Kf3 Rh3+ 56. Kg2 Rb3 57. Qc6+ Ke7 58. Ra7+ Kf8 59. Qa8+ Rb8 60. Qxb8# 1-0

[Event "CAN-ch O1800"]
[Site "Toronto CAN"]
[Date "2025.04.18"]
[Round "2.31"]
[White "Ajanthan, Amuthab"]
[Black "Sethi, Aaron"]
[Result "0-1"]
[WhiteElo "1744"]
[BlackElo "1874"]
[WhiteFideId "-1"]
[WhiteFideId "-1"]
[PlyCount "110"]
[GameId "2176654634967994"]
[EventDate "2025.04.18"]
[EventType "swiss"]
[EventRounds "9"]
[EventCountry "CAN"]

1. Nf3 d5 2. c4 c6 3. Qc2 Nf6 4. g3 g6 5. Bg2 Bg7 6. O-O O-O 7. b3 Bf5 8. d3 a5 9. Bb2 Na6 10. a3 Rc8 11. Nbd2 Ne8 12. e4 dxe4 13. dxe4 Bd7 14. Rfd1 Bxb2 15. Qxb2 Ng7 16. e5 Qc7 17. b4 axb4 18. axb4 c5 19. b5 Nb4 20. Ne4 Be6 21. Qc3 Rfd8 22. Nfd2 Rd3 23. Qb2 Rcd8 24. Ra7 R3d4 25. Rxb7 Qxe5 26. f4 Qh5 27. Rf1 Qe2 28. Rf2 Qe3 29. Rxe7 Nd3 30. Nf1 Qxe4 31. Bxe4 Nxb2 32. Rxb2 Rxe4 33. Nd2 Re2 34. b6 Rdxd2 35. Rxd2 Rxd2 36. Rc7 Rd8 37. Rxc5 Rb8 38. Rc6 Nf5 39. c5 Ne7 40. Rc7 Kf8 41. Kf2 Bd5 42. Ke3 Ke8 43. Kd4 Bg2 44. Ke5 Rb7 45. Rxb7 Bxb7 46. Kd6 Kd8 47. g4 h6 48. h3 Bg2 49. h4 Bf3 50. h5 gxh5 51. gxh5 Nf5+ 52. Ke5 Ng7 53. Kd6 Nxh5 54. c6 Bxc6 55. Kxc6 Kc8 0-1

[Event "CAN-ch O1800"]
[Site "Toronto CAN"]
[Date "2025.04.18"]
[Round "2.32"]
[White "Pan, Julian"]
[Black "Satish Alwar, Dharsan"]
[Result "1/2-1/2"]
[WhiteElo "1870"]
[BlackElo "1724"]
[WhiteFideId "-1"]
[WhiteFideId "-1"]
[PlyCount "55"]
[GameId "2176654634967995"]
[EventDate "2025.04.18"]
[EventType "swiss"]
[EventRounds "9"]
[EventCountry "CAN"]

1. e4 e6 2. d4 d5 3. exd5 exd5 4. Bd3 Nf6 5. h3 h6 6. Nf3 Bd6 7. O-O O-O 8. c3 c6 9. b3 b6 10. c4 Bb7 11. Bb2 Nbd7 12. Nbd2 Re8 13. Qc2 Rc8 14. Rae1 Qc7 15. Rxe8+ Rxe8 16. cxd5 Nxd5 17. a3 Nf4 18. Re1 Rxe1+ 19. Nxe1 Nxd3 20. Qxd3 Nf6 21. Nc4 Nd5 22. Nf3 Qe7 23. Nxd6 Qxd6 24. Ne5 f6 25. Qg6 Qe7 26. Ng4 Kf8 27. Kh2 Bc8 28. Bc1 1/2-1/2